Państwa graniczące z Brazylią - Statystyki

Ogólne statystyki
  • Ten quiz został rozwiązany 4 198 razy
  • Średni wynik to 9 z 10
Statystyki odpowiedzi
Dł. Granicy Kraj % Poprawnych
1261 km Argentyna
98%
1069 km Urugwaj
94%
1644 km Kolumbia
92%
2995 km Peru
92%
2199 km Wenezuela
90%
3423 km Boliwia
89%
1366 km Paragwaj
89%
1606 km Gujana
83%
593 km Surinam
80%
730 km Francja (Gujana Francuska)
74%
Nie znaleziono quizów pasujących do podanych kryteriów
Rozkład punktacji
Procent ludzi z każdym wynikiem
Percentyl według liczby udzielonych odpowiedzi
Twoja historia wyników
Nie rozwiązałeś tego quizu